|
|
|
|
| LEADER |
00000nam0a2200000 4500 |
| 001 |
126651 |
| 005 |
20231101220016.0 |
| 035 |
|
|
|a (RuTPU)RU\TPU\book\137010
|
| 090 |
|
|
|a 126651
|
| 100 |
|
|
|a 20071130g1973 m y0rusy5003 ca
|
| 101 |
1 |
|
|a rus
|c eng
|
| 102 |
|
|
|a RU
|
| 105 |
|
|
|a a z 000ay
|
| 200 |
1 |
|
|a Сага о Форсайтах
|e Пер. с англ.
|h Т. 2. Современная комедия: Белая обезьяна. Идиллия. Серебряная ложка. Лебединая песня
|f Дж. Голсуорси
|g авт. предисл. Н. Матвеев ; худож. В. Горяев
|
| 210 |
|
|
|a Москва
|c Художественная литература
|d 1973
|
| 215 |
|
|
|d 20 см.
|a 766 с.
|c 16 л. ил.
|
| 225 |
1 |
|
|a Библиотека всемирной литературы
|v Т. 146
|
| 225 |
1 |
|
|a Серия третья. Литература XX века
|
| 333 |
|
|
|a Исключено из фонда НТБ ТПУ
|
| 675 |
|
|
|a 82
|z rus
|
| 700 |
|
1 |
|a Голсуорси
|b Дж.
|c английский писатель
|f 1867-1933
|g Джон
|2 stltpush
|3 (RuTPU)RU\TPU\pers\12183
|9 3218
|
| 702 |
|
1 |
|a Матвеев
|b Н.
|4 080
|
| 702 |
|
1 |
|a Горяев
|b В.
|4 440
|
| 801 |
|
0 |
|a RU
|b RuMRKP
|c 19950704
|g psbo
|
| 801 |
|
1 |
|a RU
|b 63413507
|c 20071130
|g PSBO
|
| 801 |
|
2 |
|a RU
|b 63413507
|c 20211221
|g PSBO
|
| 942 |
|
|
|c BK
|